Countries with Wild Ocelot - Statistics

General Stats
  • This quiz has been taken 140 times
  • The average score is 19 of 21
Answer Stats
Country % Correct
Brazil
98%
United States
97%
Mexico
96%
Argentina
94%
Colombia
93%
Panama
93%
Belize
91%
Bolivia
91%
El Salvador
91%
Honduras
91%
Venezuela
91%
Costa Rica
90%
Guatemala
90%
Guyana
90%
Peru
90%
Suriname
90%
Paraguay
89%
Ecuador
88%
Nicaragua
87%
France (French Guiana)
85%
Trinidad and Tobago
68%
No matching quizzes found
Score Distribution
Percent of People with Each Score
Percentile by Number Answered
Your Score History
You have not taken this quiz